10 Richest Country in every Continent in 2100 - Statistics

General Stats
  • This quiz has been taken 42 times
    18 since last reset
  • The average score is 30 of 50
Answer Stats
Answer % Correct
United States
100%
Russia
94%
China
88%
Canada
82%
France
82%
Germany
82%
India
82%
Mexico
82%
Spain
82%
United Kingdom
82%
Brazil
76%
Colombia
76%
Egypt
76%
Indonesia
76%
Italy
76%
Netherlands
76%
Sweden
76%
Venezuela
76%
Argentina
71%
Nigeria
71%
Peru
71%
Saudi Arabia
71%
Switzerland
71%
Turkey
71%
Algeria
65%
Iran
65%
Japan
65%
Malaysia
65%
South Korea
65%
Ecuador
59%
Guatemala
59%
Morocco
59%
Bangladesh
53%
Pakistan
53%
South Africa
53%
Ethiopia
47%
Iraq
47%
Philippines
47%
Sudan
47%
Vietnam
47%
Austria
41%
Kenya
41%
United Arab Emirates
41%
Syria
35%
Angola
29%
Tanzania
29%
Ghana
12%
Ivory Coast
12%
Uganda
12%
Uzbekistan
6%
No matching quizzes found
Score Distribution
Percent of People with Each Score
Percentile by Number Answered
Your Score History
You have not taken this quiz since the last reset